000 00808cab a2200265 4500
001 ABS57557
008 090401t1997 xxu||||| |||| 00| 0 eng d
035 _a(Sirsi) u80973
041 _aeng
100 _aMalik, I.
245 _aBrighter future looms
260 _c1997
350 _a0
490 _aBuilding Economist
_vAugust 1997, 10-11(2)
520 _aCompares forecasters` predictions for construction output over the next three years and reflects on how successful previous forecasts have been. Statistics.
650 _aCONSTRUCTION FORECASTS
650 _aCONSTRUCTION MARKET
650 _aCONSTRUCTION OUTPUT STATISTICS
650 _aCONSTRUCTION OUTPUT
650 _aFORECASTS
650 _aHOUSING STARTS
690 _aBUILT ENVIRONMENT
942 _n0
948 _c19/09/1997
999 _c51009
_d51009